000 00770nam a2200241Ia 4500
003 OSt
005 20220925232348.0
006 a|||||r|||| 00| 0
007 ta
008 220923b |||||||| |||| 00| 0 eng d
037 _cGeneral Book
040 _aRTL
_cRTL
_beng
041 _2eng
_aeng
082 _aX71:95:(T).235.N83 - N82, M2
110 _aMaharashtra (Govt. of -).
245 0 _aCivil budget estimates 1982-83
_b Education and employment department.
260 _aMumbai
_bGovt. of Maharashtra
_c1982
300 _aE-97p.
_ccm.
500 _aPart II-Detailed budget estimates of expenditure.
700 _aMaharashtra (Govt. of -).
942 _hX71:95:(T).235.N83 - N82, M2
_cGB
_2CC
999 _c591251
_d591251